Hips Don’t Lie - Shakira Feat. Wyclef Jean - All Lyrics - Statistics

General Stats
  • This quiz has been taken 245 times
  • The average score is 331 of 489
Answer Stats
Answer % Correct
a
99%
A
99%
Yeah,
98%
I
97%
Hey,
96%
you
96%
You
96%
you,
96%
lie
95%
lie,
95%
like
95%
Oh,
95%
do
94%
don't
94%
Don’t
94%
don't,
94%
hips
94%
Bo-bop,
93%
so-bop,
93%
that
93%
when
93%
baby,
92%
baby?
92%
Baby,
92%
and
91%
And
91%
go
91%
go,
91%
make
91%
to
91%
my
89%
My
89%
mad
88%
talk
88%
woman
88%
on
87%
on,
87%
body
85%
body,
85%
know
85%
this
85%
This
85%
dance
84%
I'm
84%
So
83%
so
83%
so,
83%
the
82%
The
82%
tonight
82%
be
79%
feel
79%
it
79%
your
78%
of
77%
real
77%
she
77%
She
77%
can
75%
can,
75%
could
75%
half-man
75%
man
74%
really
74%
me
73%
see,
72%
see
72%
See,
72%
Spanish
72%
is
71%
never
70%
speak
70%
starting
70%
wanna
70%
knew
69%
keep
67%
movin',
67%
wise
67%
it's
66%
It’s
66%
boy
65%
boy,
65%
perfecto
65%
no
62%
signs
61%
Readin'
60%
right
60%
move
59%
perfection
58%
moving
55%
Reading
55%
what
55%
girl,
54%
girl
54%
crazy
50%
doin'
50%
Let
49%
Come
48%
come
48%
driving
46%
have
46%
All
45%
attraction,
43%
from
43%
way
43%
But
42%
but
42%
We
42%
we
42%
floor,
41%
Colombia
40%
tension
40%
didn't
39%
can't,
38%
noche
38%
let's
36%
got
35%
dancin'
34%
la
34%
seem
34%
now,
33%
now
33%
slow
33%
saw
32%
too
32%
will
32%
doing
31%
idea
31%
up
31%
plan
29%
Baila
28%
half-animal,
28%
until
28%
hard
27%
sexy,
27%
she's
27%
de
26%
en
26%
explain
26%
hypnotized
26%
Why
26%
'cause
25%
slightest
25%
transaction
25%
world
25%
country
24%
Humpty
24%
refugee
24%
calle
23%
our
23%
Señorita,
23%
third
23%
CIA
22%
left
22%
musical
22%
That’s
22%
us?
22%
walk
22%
fail
21%
nobody
21%
shakin'
21%
for
19%
own
19%
back
18%
self-restraint
18%
every
17%
watch
17%
Refugees
16%
run
16%
conga
15%
día
15%
fantasy
15%
more
15%
seas,
15%
boats,
13%
boats
13%
Haitians
13%
ignore
13%
unexpected,
13%
with
13%
ain't
12%
cannot
11%
Colombians
11%
bit
10%
club
10%
everything's
10%
man's
9%
whole
9%
Fugees
7%
lead
7%
ropes
7%
snatch
7%
crates
6%
guilty,
6%
'Pac
6%
carried
5%
jazzy
2%
No matching quizzes found
Score Distribution
Percent of People with Each Score
Percentile by Number Answered
Your Score History
You have not taken this quiz